Fifth Harmony Charting Songs (Billboard Hot 100) - Statistics

General Stats
  • This quiz has been taken 79 times
  • The average score is 5 of 8
Answer Stats
Album Weeks On Peak Artist(s) Song % Correct
7/27 34 Weeks #4 Fifth Harmony ft. Ty Dolla $ign Work from Home
100%
Reflection 36 Weeks #12 Fifth Harmony ft. Kid Ink Worth It
94%
Reflection 15 Weeks #43 Fifth Harmony Bo$$
65%
Fifth Harmony 10 Weeks #42 Fifth Harmony ft. Gucci Mane Down
63%
Reflection 15 Weeks #40 Fifth Harmony Sledgehammer
62%
7/27 18 Weeks #24 Fifth Harmony ft. Fetty Wap All In My Head (Flex)
56%
7/27 3 Weeks #73 Fifth Harmony That's My Girl
56%
Better Together 11 Weeks #76 Fifth Harmony Miss Movin' On
54%
No matching quizzes found
Score Distribution
Percent of People with Each Score
Percentile by Number Answered
Your Score History
You have not taken this quiz